| Tag |
First Indicator |
Second Indicator |
Subfields |
| LEADER |
00000cam a22000001a 4500 |
| 001 |
in00002149259 |
| 006 |
m e d # |
| 007 |
cr mn mmmmabba |
| 008 |
870806s1786 nju s s000 0 eng d |
| 005 |
20260331164028.3 |
| 035 |
|
|
|z w037066
|
| 035 |
|
|
|a MAAR8708061304B
|
| 035 |
|
|
|9 mwa91-27936
|
| 035 |
|
|
|a 341613
|
| 035 |
|
|
|a aas03037066
|
| 040 |
|
|
|a MWA
|c MWA
|e bdrb
|d UtOrBLW
|
| 110 |
1 |
|
|a New Jersey.
|b Legislature.
|b General Assembly.
|
| 245 |
1 |
0 |
|a Votes and proceedings of the tenth General assembly of the state of New-Jersey :
|b At a session begun at Trenton on the 25th day of October, 1785, and continued by adjournments. : Being the second sitting.
|
| 264 |
|
3 |
|a Trenton :
|b Printed by Isaac Collins, printer to the state,
|c M.DCC.LXXXVI. [1786]
|
| 300 |
|
|
|a 87 pages, 1 unnumbered page ;
|c (folio)
|
| 336 |
|
|
|a text
|b txt
|2 rdacontent
|
| 337 |
|
|
|a computer
|b c
|2 rdamedia
|
| 338 |
|
|
|a online resource
|b cr
|2 rdacarrier
|
| 500 |
|
|
|a Votes from Feb. 15 to Mar. 24, 1786.
|
| 510 |
4 |
|
|a Evans
|c 19839
|
| 530 |
|
|
|a Microform version available in the Readex Early American Imprints series.
|
| 533 |
|
|
|a Electronic text and image data.
|b [Chester, Vt. :
|c Readex, a division of Newsbank, Inc.,
|d 2002-2004.
|e Includes files in TIFF, GIF and PDF formats with inclusion of keyword searchable text.
|f (Early American imprints. First series ; no. 19839).
|
| 500 |
|
|
|a Electronic resource.
|
| 752 |
|
|
|a United States
|b New Jersey
|d Trenton.
|
| 830 |
|
0 |
|a Early American imprints.
|n Series I,
|p Evans (1639-1800) ;
|v no. 19839.
|
| 856 |
4 |
1 |
|u http://proxy.library.tamu.edu/login?url=https://opac.newsbank.com/select/evans/19839
|y Evans Digital Edition
|t 0
|
| 999 |
|
|
|a MARS
|
| 999 |
f |
f |
|s 2c2955b7-aabe-37b2-b627-d194aed0522f
|i d9fa9d8f-7603-3473-80ff-673b977bab6b
|t 0
|
| 952 |
f |
f |
|a Texas A&M University
|b College Station
|c Electronic Resources
|s www_evans
|d Available Online
|t 0
|h No information provided
|
| 998 |
f |
f |
|t 0
|l Available Online
|